Globalization Versus Development (Record no. 3254)

MARC details
000 -LEADER
fixed length control field 01513cam a22003614a 4500
001 - CONTROL NUMBER
control field 12357812
003 - CONTROL NUMBER IDENTIFIER
control field OSt
005 - DATE AND TIME OF LATEST TRANSACTION
control field 20180328194147.0
008 - FIXED-LENGTH DATA ELEMENTS--GENERAL INFORMATION
fixed length control field 010326s2001 enka b 001 0 eng
010 ## - LIBRARY OF CONGRESS CONTROL NUMBER
LC control number 2001021728
020 ## - INTERNATIONAL STANDARD BOOK NUMBER
International Standard Book Number 0333919653
020 ## - INTERNATIONAL STANDARD BOOK NUMBER
International Standard Book Number 0333919661 (pbk.)
040 ## - CATALOGING SOURCE
Original cataloging agency DLC
Transcribing agency DLC
Modifying agency DLC
042 ## - AUTHENTICATION CODE
Authentication code pcc
043 ## - GEOGRAPHIC AREA CODE
Geographic area code d------
050 00 - LIBRARY OF CONGRESS CALL NUMBER
Classification number HF1418.5
Item number .G58188 2001
082 00 - DEWEY DECIMAL CLASSIFICATION NUMBER
Classification number 337
Edition number 21
Item number GLO 2001
100 ## - MAIN ENTRY--PERSONAL NAME
Personal name Edited by Jomo K.S.; Shyamala Nagaraj.
9 (RLIN) 12595
245 00 - TITLE STATEMENT
Title Globalization Versus Development
260 ## - PUBLICATION, DISTRIBUTION, ETC. (IMPRINT)
Place of publication, distribution, etc. Houndmills, Basingstoke, Hampshire ;
Name of publisher, distributor, etc. Palgrave,
Date of publication, distribution, etc. 2001.
300 ## - PHYSICAL DESCRIPTION
Extent xxvii, 240 p. :
Other physical details ill. ;
Dimensions 23 cm.
490 1# - SERIES STATEMENT
Series statement International political economy series
500 ## - GENERAL NOTE
General note Rev. papers selected from an international conference on "Globalisation and development: lessons for the Malaysian economy" held in mid-Aug. 1996 in Kuala Lumpur.
504 ## - BIBLIOGRAPHY, ETC. NOTE
Bibliography, etc Includes bibliographical references (p. 225-237) and index.
650 #0 - SUBJECT ADDED ENTRY--TOPICAL TERM
Topical term or geographic name as entry element International economic integration.
9 (RLIN) 1909
650 #0 - SUBJECT ADDED ENTRY--TOPICAL TERM
Topical term or geographic name as entry element International finance.
9 (RLIN) 1014
830 #0 - SERIES ADDED ENTRY--UNIFORM TITLE
Uniform title International political economy series (Palgrave (Firm))
9 (RLIN) 1006
856 42 - ELECTRONIC LOCATION AND ACCESS
Materials specified Contributor biographical information
Uniform Resource Identifier http://www.loc.gov/catdir/bios/hol058/2001021728.html
856 42 - ELECTRONIC LOCATION AND ACCESS
Materials specified Publisher description
Uniform Resource Identifier http://www.loc.gov/catdir/description/hol051/2001021728.html
856 41 - ELECTRONIC LOCATION AND ACCESS
Materials specified Table of contents
Uniform Resource Identifier http://www.loc.gov/catdir/toc/hol051/2001021728.html
906 ## - LOCAL DATA ELEMENT F, LDF (RLIN)
a 7
b cbc
c orignew
d 1
e ocip
f 20
g y-gencatlg
942 ## - ADDED ENTRY ELEMENTS (KOHA)
Source of classification or shelving scheme Dewey Decimal Classification
Koha item type Short Loan
Holdings
Withdrawn status Lost status Source of classification or shelving scheme Damaged status Not for loan Home library Current library Date acquired Inventory number Total Checkouts Full call number Barcode Date last seen Koha item type
    Dewey Decimal Classification     MUST Main Library MUST Main Library 11/03/2016 03/19015   337 GLO 2001 2016-0448 11/03/2016 Short Loan
    Dewey Decimal Classification     MUST Main Library MUST Main Library 08/04/2016 03/19014   337 GLO 2001 2016-0665 08/04/2016 Short Loan